Mystery Movie Monologue #1 - Statistics

General Stats
  • This quiz has been taken 984 times
  • The average score is 38 of 84
Answer Stats
Answer % Correct
a
97%
a
97%
a
97%
I
97%
the
92%
the
92%
the
92%
he
72%
He
72%
he
72%
he
72%
He
72%
he
72%
He
72%
and
71%
and
71%
And...
71%
to
67%
to
67%
me
65%
me...
65%
me
65%
on
61%
it.
60%
that.
56%
that
56%
So
53%
So,
53%
so
53%
so
53%
so
53%
was
52%
My
50%
know
48%
Not...
48%
"Why
48%
"Why
48%
why
48%
her,
47%
how
46%
at
43%
at
43%
one
38%
one...
38%
like
37%
Wanna
37%
with
37%
got
35%
father
33%
does
32%
doesn't
32%
these
32%
Let's
30%
night,
29%
off
29%
says,
29%
than
29%
put
28%
smile
28%
face!"
27%
knife
27%
knife
27%
knife...
27%
scars???
27%
serious?!"
27%
serious?!
27%
serious?
27%
looks
26%
goes
24%
bit.
23%
drinker
23%
comes
22%
takes
22%
kitchen
21%
crazier
20%
defend
20%
fiend.
20%
gets
20%
herself.
20%
Mommy
20%
usual.
20%
laughing
19%
watching,
19%
while
19%
No matching quizzes found
Score Distribution
Percent of People with Each Score
Percentile by Number Answered
Your Score History
You have not taken this quiz